000 00738cam a2200253 a 4500
001 17356934
005 20180813045019.0
008 120620s2013 moua 001 0 eng
010 _a 2012025089
020 _a9781455701506 (hardcover : alk. paper)
035 _a(DNLM)101586673
040 _aDNLM/DLC
_cDLC
_dDLC
041 _aeng
042 _apcc
060 1 0 _aW 21.5
080 _a610.73 WES
082 0 0 _a610.73 WES
_223
100 1 _a3
101 _aSHM
245 1 0 _aToday's medical assistant :
_cKathy Bonewit-West, Sue A. Hunt, Edith Applegate.
906 _a7
_bcbc
_corignew
_d1
_eecip
_f20
_gy-gencatlg
942 _2ddc
_cBK
999 _c47027
_d47027